International organization and global governance (Record no. 1320326)

MARC details
000 -LEADER
fixed length control field 00832nam a22002537a 4500
005 - DATE AND TIME OF LATEST TRANSACTION
control field 20250507143007.0
008 - FIXED-LENGTH DATA ELEMENTS--GENERAL INFORMATION
fixed length control field 250507b |||||||| |||| 00| 0 eng d
020 ## - INTERNATIONAL STANDARD BOOK NUMBER
International Standard Book Number 978-1-03-221012-4 (pbk)
037 ## - SOURCE OF ACQUISITION
Terms of availability TB
040 ## - CATALOGING SOURCE
Original cataloging agency CRL
Transcribing agency CRL
041 ## - LANGUAGE CODE
Source of code eng
Language code of text/sound track or separate title eng
084 ## - COLON CLASSIFICATION NUMBER
Classification number X8.1 R3
Assigning agency CRL
245 ## - TITLE STATEMENT
Title International organization and global governance
250 ## - EDITION STATEMENT
Edition statement 3rd ed.
260 ## - PUBLICATION, DISTRIBUTION, ETC.
Place of publication, distribution, etc. London, UK:
Name of publisher, distributor, etc. Routledge,
Date of publication, distribution, etc. 2023.
300 ## - PHYSICAL DESCRIPTION
Extent xxxii, 811p.
365 ## - TRADE PRICE
Price amount 43.99
Currency code UKP
650 ## - SUBJECT ADDED ENTRY--TOPICAL TERM
Topical term or geographic name entry element Economics
650 ## - SUBJECT ADDED ENTRY--TOPICAL TERM
Topical term or geographic name entry element International Organization
700 ## - ADDED ENTRY--PERSONAL NAME
Personal name Weiss, Thomas G.
Relator term Editor
700 ## - ADDED ENTRY--PERSONAL NAME
Personal name Wilkinson, Rorden
Relator term Editor
942 ## - ADDED ENTRY ELEMENTS (KOHA)
Source of classification or shelving scheme Colon Classification (CC)
Koha item type Textbook
Edition 3rd ed.
Classification part X8.1 R3
Suppress in OPAC No
Holdings
Withdrawn status Lost status Source of classification or shelving scheme Damaged status Not for loan Home library Current library Date acquired Source of acquisition Cost, normal purchase price Inventory number Total Checkouts Full call number Barcode Date last seen Price effective from Koha item type
    Colon Classification (CC)     Central Library Central Library 2025-05-07 Excel Book International 43.99 128 & 2024-12-11   X8.1 R3 CL1682011 2025-05-07 2025-05-07 Textbook
Copyright @ Delhi University Library System